| 000 | 00624nam a2200193Ia 4500 | ||
|---|---|---|---|
| 008 | 120814t2001 xxu||||| |||| 00| 0 sin d | ||
| 041 | _asin | ||
| 080 |
_a8-31 (Rusian) _bVOL |
||
| 100 | _aVolkov,Alexandr | ||
| 245 | _aකොළමැණික් පුරයේ මායාකාරයා | ||
| 246 | _aKolamanic Puraye Mayakaraya | ||
| 260 |
_aSarasawi Publishers _aNugegoda _c2001 |
||
| 300 | _b234p, ill, 21 cm | ||
| 500 | _aSinhalese Translation of Alexandr Volkov's of The Magician of Emerald city | ||
| 700 |
_aKodikara,Pasan _etr. |
||
| 942 | _cBK | ||
| 999 |
_c40423 _d40423 |
||
| 003 | LK-CoDNM | ||
| 040 |
_aLK-CoDNM _dLK-CoDNM _eLK-CoDNM |
||